[Event "Benidorm 2012 - Nuevas Generaciones s16"]
[Site "Benidorm ESP"]
[Date "2012.12.07"]
[Round "5.7"]
[White "Domingo Nunez, Ruben"]
[Black "Chaikhiev Chaikhieva, Miguel A"]
[Result "1-0"]
[WhiteElo "1904"]
[BlackElo "1829"]
[PlyCount "77"]
[EventDate "2012.12.05"]
[EventType "swiss"]
[EventRounds "7"]
[EventCountry "ESP"]
[Source "lmi"]
[SourceDate "2012.12.05"]

1. e4 e5 2. Nf3 Nc6 3. Bc4 Be7 4. c3 d6 5. d3 Nf6 6. Bb3 O-O 7. O-O Bg4 8. h3
Bh5 9. Nbd2 Nd7 10. Qe2 Nc5 11. Bd5 Ne6 12. Nc4 Bg5 13. Bxe6 Bxc1 14. Bg4 Bxg4
15. hxg4 Bh6 16. Ne3 Bxe3 17. Qxe3 Ne7 18. g3 f6 19. Nh4 g5 20. Ng2 Qd7 21. Qf3
Kg7 22. Ne3 c6 23. Rad1 Qe6 24. b3 Rad8 25. Rfe1 Rh8 26. d4 Qc8 27. Kg2 b5 28.
d5 c5 29. a4 a6 30. axb5 axb5 31. Ra1 Qd7 32. Ra6 Ra8 33. Rea1 Rxa6 34. Rxa6
Rb8 35. Nf5+ Nxf5 36. Qxf5 Qb7 37. Rc6 b4 38. cxb4 Qxb4 39. Rc7+ 1-0

[Event "Benidorm 2012 - Nuevas Generaciones s16"]
[Site "Benidorm ESP"]
[Date "2012.12.07"]
[Round "5.8"]
[White "Gonzalez Fernandez, Pedro"]
[Black "Fernandez Cano, Victor"]
[Result "1-0"]
[WhiteElo "1761"]
[BlackElo "1883"]
[PlyCount "73"]
[EventDate "2012.12.05"]
[EventType "swiss"]
[EventRounds "7"]
[EventCountry "ESP"]
[Source "lmi"]
[SourceDate "2012.12.05"]

1. d4 Nf6 2. Nf3 d5 3. c4 e6 4. Nc3 Nbd7 5. cxd5 exd5 6. Bg5 Be7 7. e3 O-O 8.
Bd3 b6 9. O-O Bb7 10. Rc1 c5 11. dxc5 Nxc5 12. Bxf6 Bxf6 13. Bb1 Rc8 14. Nd4 g6
15. f4 Re8 16. Rf3 a6 17. f5 Bg5 18. fxg6 hxg6 19. Qd2 Nd7 20. Rcf1 Ne5 21. Rg3
Nc4 22. Qf2 Rc7 23. Nf5 Bc8 24. Nxd5 Qxd5 25. Rxg5 Bxf5 26. Bxf5 Nxe3 27. Re1
Kf8 28. Qh4 Re5 29. Bxg6 Rxg5 30. Qh8+ Ke7 31. Rxe3+ Kd7 32. Qe8+ Kd6 33. Qf8+
Kd7 34. Re7+ Kd6 35. Qd8+ Kc5 36. Rxc7+ Kb5 37. Qxd5+ 1-0

[Event "Benidorm 2012 - Nuevas Generaciones s16"]
[Site "Benidorm ESP"]
[Date "2012.12.07"]
[Round "5.9"]
[White "Vilanova Olmedo, Ignasi"]
[Black "Juanes Garcia, Olaya"]
[Result "1-0"]
[WhiteElo "1786"]
[BlackElo "1774"]
[PlyCount "80"]
[EventDate "2012.12.05"]
[EventType "swiss"]
[EventRounds "7"]
[EventCountry "ESP"]
[Source "lmi"]
[SourceDate "2012.12.05"]

1. e4 c6 2. d4 d5 3. exd5 cxd5 4. c4 Nc6 5. Nf3 Nf6 6. Nc3 e6 7. Bd3 Be7 8. O-O
O-O 9. a3 b6 10. cxd5 exd5 11. h3 h6 12. Bc2 Bd6 13. Qd3 Ne7 14. Ne5 Bf5 15.
Qe2 Bxc2 16. Qxc2 Rc8 17. Qe2 Nc6 18. Nxc6 Rxc6 19. Qb5 Rc8 20. Be3 Bb8 21. Qe2
Qd6 22. g3 Qd7 23. Kh2 Qf5 24. Rac1 Rfe8 25. Kg2 Qd7 26. Qf3 Rcd8 27. Bxh6 Re6
28. Bf4 Bxf4 29. Qxf4 Rde8 30. Qg5 a6 31. Qf5 Qd6 32. Qf3 b5 33. Qd3 b4 34.
axb4 Qxb4 35. Ra1 a5 36. Ra4 Qb6 37. Rfa1 Ra8 38. b4 Re4 39. bxa5 Qa7 40. a6
Re6 1-0

[Event "Benidorm 2012 - Nuevas Generaciones s16"]
[Site "Benidorm ESP"]
[Date "2012.12.07"]
[Round "5.10"]
[White "Castellet Menchon, Cora"]
[Black "Buendia Pinar, Alvaro"]
[Result "0-1"]
[WhiteElo "1767"]
[BlackElo "2072"]
[PlyCount "98"]
[EventDate "2012.12.05"]
[EventType "swiss"]
[EventRounds "7"]
[EventCountry "ESP"]
[Source "lmi"]
[SourceDate "2012.12.05"]

1. d4 d5 2. c4 c6 3. cxd5 cxd5 4. Nc3 Nc6 5. Bf4 a6 6. e3 Nf6 7. Rc1 e6 8. Bd3
Bd6 9. Bxd6 Qxd6 10. f4 b5 11. Nf3 Bb7 12. O-O O-O 13. Ne5 Rac8 14. Qf3 Rfd8
15. g4 Qf8 16. Qh3 g6 17. f5 exf5 18. gxf5 g5 19. Ng4 Nxg4 20. Qxg4 f6 21. Ne2
Qe7 22. Rf3 Nb4 23. Bb1 Rxc1+ 24. Nxc1 Rc8 25. Nb3 a5 26. h4 h6 27. Qh5 Qg7 28.
hxg5 Qxg5+ 29. Qxg5+ hxg5 30. Nxa5 Ba6 31. Nb3 Re8 32. Nc5 Bc8 33. a3 Nc6 34.
Ba2 Ne7 35. e4 Kh7 36. Rh3+ Kg7 37. Ne6+ Bxe6 38. fxe6 dxe4 39. d5 Rd8 40. Bb1
f5 41. Ba2 Nxd5 42. Rb3 b4 43. axb4 Kf6 44. b5 Rd6 45. Ra3 Kxe6 46. Ra6 Ke5 47.
Ra8 Nb6 48. Re8+ Kf4 49. Rf8 Kg4 0-1

[Event "Benidorm 2012 - Nuevas Generaciones s16"]
[Site "Benidorm ESP"]
[Date "2012.12.08"]
[Round "6.1"]
[White "Romero Calduch, Sergio"]
[Black "Garcia-Castany Musellas, Gal.L"]
[Result "0-1"]
[WhiteElo "2024"]
[BlackElo "1993"]
[PlyCount "128"]
[EventDate "2012.12.05"]
[EventType "swiss"]
[EventRounds "7"]
[EventCountry "ESP"]
[Source "lmi"]
[SourceDate "2012.12.05"]

1. d4 d5 2. c4 c6 3. Nc3 Nf6 4. Nf3 dxc4 5. a4 Bf5 6. Ne5 Nbd7 7. Nxc4 Qc7 8.
g3 e5 9. dxe5 Nxe5 10. Bf4 Nfd7 11. Bg2 g5 12. Bxe5 Nxe5 13. Qd4 f6 14. h4 g4
15. O-O Be6 16. Ne3 Bh6 17. Qe4 O-O 18. Nf5 Bd2 19. Nb1 Rad8 20. Nxd2 Rxd2 21.
Nd4 Bd5 22. Qf4 Nf3+ 23. exf3 Qxf4 24. gxf4 Rxd4 25. fxg4 Bxg2 26. Kxg2 Rxf4
27. Kg3 Rb4 28. Rab1 Rxa4 29. Rfe1 Rb4 30. h5 f5 31. g5 Rg4+ 32. Kf3 Rxg5 33.
h6 a5 34. Re7 b5 35. Rd1 Rg6 36. Rdd7 Rxh6 37. Rc7 a4 38. Rb7 Rh3+ 39. Kf4 Rh2
40. Kg3 Rh1 41. Kf4 Rh6 42. Rec7 Rh4+ 43. Kg3 Rh6 44. Kf4 Rh4+ 45. Kg3 Rg4+ 46.
Kf3 Rg6 47. Rxh7 Rb8 48. Ra7 Ra8 49. Rab7 b4 50. Ra7 Rb8 51. Rhb7 Rxb7 52. Rxb7
Rg4 53. Ke3 c5 54. Ra7 b3 55. Kd3 Rd4+ 56. Kc3 Rf4 57. Ra5 Kg7 58. Rxc5 Rxf2
59. Ra5 Rc2+ 60. Kd3 Rxb2 61. Rxa4 Kg6 62. Ke3 Rb1 63. Kd2 b2 64. Kc2 Ra1 0-1

[Event "Benidorm 2012 - Nuevas Generaciones s16"]
[Site "Benidorm ESP"]
[Date "2012.12.08"]
[Round "6.2"]
[White "Suarez Garcia, Carlos"]
[Black "Domingo Nunez, Ruben"]
[Result "1-0"]
[WhiteElo "2307"]
[BlackElo "1904"]
[PlyCount "113"]
[EventDate "2012.12.05"]
[EventType "swiss"]
[EventRounds "7"]
[EventCountry "ESP"]
[Source "lmi"]
[SourceDate "2012.12.05"]

1. d4 Nf6 2. c4 g6 3. g3 Bg7 4. Bg2 d6 5. Nc3 O-O 6. Nf3 c6 7. O-O Qc7 8. e4
Bg4 9. h3 Bxf3 10. Bxf3 e5 11. Be3 Nbd7 12. Bg2 exd4 13. Bxd4 Ne5 14. b3 Nh5
15. Kh2 Qa5 16. Ne2 c5 17. Bc3 Qc7 18. f4 Nc6 19. g4 Nf6 20. Qd2 Rfe8 21. Qb2
Qe7 22. g5 Nh5 23. Bxg7 Nxg7 24. Nc3 Nd4 25. Nd5 Qd8 26. Nf6+ Kh8 27. Nxe8 Qxe8
28. Rad1 Rd8 29. Rxd4 cxd4 30. Qxd4 b6 31. Bf3 Kg8 32. Bg4 Qe7 33. Re1 Ne6 34.
Bxe6 fxe6 35. Rd1 Rf8 36. Qxd6 Qxd6 37. Rxd6 Rxf4 38. Rd8+ Kg7 39. Rd7+ Kg8 40.
Rxa7 Rxe4 41. Rb7 Re2+ 42. Kg3 Rxa2 43. Rxb6 e5 44. Rb7 Rc2 45. Kf3 Rc3+ 46.
Ke4 Rxh3 47. Kxe5 Rf3 48. c5 Rf5+ 49. Kd6 Rxg5 50. c6 Rg3 51. c7 Rd3+ 52. Ke5
Rc3 53. Rb8+ Kf7 54. c8=Q Rxc8 55. Rxc8 h5 56. Rc7+ Kf8 57. Ke4 1-0

[Event "Benidorm 2012 - Nuevas Generaciones s16"]
[Site "Benidorm ESP"]
[Date "2012.12.08"]
[Round "6.3"]
[White "Perez Pardo, Sergio Ivan"]
[Black "Gonzalez Fernandez, Pedro"]
[Result "1-0"]
[WhiteElo "1845"]
[BlackElo "1761"]
[PlyCount "31"]
[EventDate "2012.12.05"]
[EventType "swiss"]
[EventRounds "7"]
[EventCountry "ESP"]
[Source "lmi"]
[SourceDate "2012.12.05"]

1. e4 e6 2. d4 d5 3. Nc3 Nf6 4. Bg5 Bb4 5. e5 h6 6. Bd2 Bxc3 7. bxc3 Ne4 8. Bd3
Nxd2 9. Qxd2 c5 10. f4 Nc6 11. Nf3 O-O 12. O-O Qa5 13. Rfd1 b6 14. Kh1 Ba6 15.
Qe3 Qxc3 16. Bh7+ 1-0

[Event "Benidorm 2012 - Nuevas Generaciones s16"]
[Site "Benidorm ESP"]
[Date "2012.12.08"]
[Round "6.4"]
[White "Pinsach Gelabert, Alexandre"]
[Black "Garcia De Lomas Guerrero, Carl"]
[Result "1-0"]
[WhiteElo "1991"]
[BlackElo "2053"]
[PlyCount "83"]
[EventDate "2012.12.05"]
[EventType "swiss"]
[EventRounds "7"]
[EventCountry "ESP"]
[Source "lmi"]
[SourceDate "2012.12.05"]

1. e4 e6 2. d4 d5 3. Nd2 Nf6 4. e5 Nfd7 5. Bd3 c5 6. c3 Nc6 7. Ne2 cxd4 8. cxd4
f6 9. exf6 Nxf6 10. Nf3 Qc7 11. O-O Bd6 12. Bg5 O-O 13. Rc1 Nh5 14. Bb1 Rxf3
15. gxf3 Bxh2+ 16. Kh1 Bd6 17. f4 g6 18. Rg1 Qf7 19. Rc3 Bd7 20. Rh3 Ng7 21.
Ng3 e5 22. f5 Nxf5 23. Nh5 Be7 24. Bxe7 Qxe7 25. dxe5 Qxe5 26. Bxf5 Bxf5 27.
Rh2 Nd4 28. Ng3 Be4+ 29. Nxe4 Qxe4+ 30. Rhg2 Qh4+ 31. Rh2 Qe4+ 32. Rhg2 Nf3 33.
Rg4 Qf5 34. R1g3 Rf8 35. Kg2 Ne5 36. Qxd5+ Rf7 37. Rg5 Qxf2+ 38. Kh3 Nf3 39.
Rxg6+ hxg6 40. Rxg6+ Kh8 41. Qd8+ Kh7 42. Qg8# 1-0

[Event "Benidorm 2012 - Nuevas Generaciones s16"]
[Site "Benidorm ESP"]
[Date "2012.12.08"]
[Round "6.6"]
[White "Buendia Pinar, Alvaro"]
[Black "Domingo Nunez, Alejandro"]
[Result "1-0"]
[WhiteElo "2072"]
[BlackElo "1849"]
[PlyCount "71"]
[EventDate "2012.12.05"]
[EventType "swiss"]
[EventRounds "7"]
[EventCountry "ESP"]
[Source "lmi"]
[SourceDate "2012.12.05"]

1. d4 Nf6 2. c4 g6 3. Nc3 Bg7 4. e4 d6 5. g3 O-O 6. Bg2 e5 7. d5 a5 8. Nge2 Na6
9. O-O Nc5 10. h3 Ne8 11. Be3 f5 12. exf5 Bxf5 13. Qd2 Rb8 14. g4 Bd3 15. Bxc5
Bxe2 16. Bxd6 Bxf1 17. Bxf8 Bxg2 18. Bxg7 Bxh3 19. Bxe5 Qh4 20. f3 Nd6 21. Bxd6
cxd6 22. Ne4 Bxg4 23. fxg4 Qxg4+ 24. Qg2 Qf4 25. Rf1 Qe3+ 26. Kh2 Qd4 27. Qg4
Kh8 28. Qf4 Qxc4 29. Nxd6 Qxf4+ 30. Rxf4 Kg7 31. Nb5 Rc8 32. d6 Rc2+ 33. Kg3
Rd2 34. Nd4 g5 35. Re4 Rd3+ 36. Kf2 1-0

[Event "Benidorm 2012 - Nuevas Generaciones s16"]
[Site "Benidorm ESP"]
[Date "2012.12.08"]
[Round "6.7"]
[White "Capote Robayna, Nathaniel"]
[Black "Vilanova Olmedo, Ignasi"]
[Result "1-0"]
[WhiteElo "2038"]
[BlackElo "1786"]
[PlyCount "75"]
[EventDate "2012.12.05"]
[EventType "swiss"]
[EventRounds "7"]
[EventCountry "ESP"]
[Source "lmi"]
[SourceDate "2012.12.05"]

1. e4 c6 2. d4 d5 3. Nc3 dxe4 4. Nxe4 Nf6 5. Nxf6+ gxf6 6. c3 Qd5 7. Nf3 h5 8.
Be3 Bh6 9. Bd3 Bxe3 10. fxe3 Bf5 11. c4 Qa5+ 12. Qd2 Qxd2+ 13. Kxd2 Bxd3 14.
Kxd3 Nd7 15. b4 O-O-O 16. Nh4 Ne5+ 17. Kc3 Ng6 18. Nf3 Rhg8 19. a4 e6 20. b5
Ne7 21. Ra2 Kb8 22. Rf1 Rc8 23. Kb4 Nf5 24. Re2 Ne7 25. Nd2 f5 26. Nf3 f6 27.
Rff2 Ng6 28. Ne1 Ne7 29. Nd3 Ng6 30. Nc5 Nf8 31. e4 fxe4 32. Rxf6 Rd8 33. Rxe4
Nd7 34. Nxd7+ Rxd7 35. g3 Rg4 36. Rfxe6 Rxd4 37. Rxd4 Rxd4 38. Rh6 1-0

[Event "Benidorm 2012 - Nuevas Generaciones s16"]
[Site "Benidorm ESP"]
[Date "2012.12.08"]
[Round "6.8"]
[White "Serra Canals, Oriol"]
[Black "Montoliu Cervero, Francisco"]
[Result "0-1"]
[WhiteElo "1828"]
[BlackElo "2270"]
[PlyCount "78"]
[EventDate "2012.12.05"]
[EventType "swiss"]
[EventRounds "7"]
[EventCountry "ESP"]
[Source "lmi"]
[SourceDate "2012.12.05"]

1. d4 Nf6 2. c4 e6 3. Nf3 Bb4+ 4. Nbd2 b6 5. a3 Bxd2+ 6. Qxd2 Ne4 7. Qc2 Bb7 8.
g3 f5 9. Bg2 Nf6 10. O-O Be4 11. Qc3 d6 12. b3 Qe7 13. Bb2 Nbd7 14. Rfd1 h6 15.
Nh4 Qf7 16. d5 Bxg2 17. dxe6 Qxe6 18. Nxg2 O-O 19. Nf4 Qf7 20. f3 Rae8 21. Rd2
Re7 22. Re1 Rfe8 23. Qd3 Ne5 24. Bxe5 Rxe5 25. Ng2 Nd7 26. b4 Kh8 27. e4 R5e7
28. Qd5 Ne5 29. Nh4 Nxc4 30. Nxf5 Nxd2 31. Qxd2 Re5 32. Rc1 d5 33. Qc3 dxe4 34.
Nxh6 Qh5 35. Ng4 R5e7 36. Qc6 exf3 37. Rc4 Re1+ 38. Kf2 R8e2+ 39. Kxf3 Qf5+ 0-1

[Event "Benidorm 2012 - Nuevas Generaciones s16"]
[Site "Benidorm ESP"]
[Date "2012.12.08"]
[Round "6.9"]
[White "Gonzalez Capacete, Jose Miguel"]
[Black "Moreno Ibanez, Miguel"]
[Result "1-0"]
[WhiteElo "1790"]
[BlackElo "2116"]
[PlyCount "75"]
[EventDate "2012.12.05"]
[EventType "swiss"]
[EventRounds "7"]
[EventCountry "ESP"]
[Source "lmi"]
[SourceDate "2012.12.05"]

1. e4 c5 2. Nf3 e6 3. d4 cxd4 4. Nxd4 Nf6 5. Nc3 d6 6. Bc4 Be7 7. Be3 O-O 8.
Qe2 a6 9. a4 Nc6 10. O-O-O Qc7 11. Rhg1 Bd7 12. g4 Nxd4 13. Bxd4 Rfc8 14. Bd3
Bc6 15. g5 Nd7 16. h4 Nc5 17. g6 fxg6 18. Bxc5 dxc5 19. Bc4 Qe5 20. Qg4 Rf8 21.
Bxe6+ Kh8 22. Nd5 Bd8 23. f4 Qxe4 24. Rde1 Qxa4 25. h5 Ba5 26. c3 Qa1+ 27. Kc2
Ba4+ 28. Kd3 Qxb2 29. hxg6 c4+ 30. Kd4 Bb6+ 31. Ke5 Bxg1 32. Rxg1 h6 33. Rh1
Rg8 34. Qh5 Rge8 35. f5 Rxe6+ 36. fxe6 Bc6 37. Qf3 Bxd5 38. Rxh6+ 1-0

[Event "Benidorm 2012 - Nuevas Generaciones s16"]
[Site "Benidorm ESP"]
[Date "2012.12.08"]
[Round "6.10"]
[White "Juanes Garcia, Olaya"]
[Black "Buch Prades, Joan"]
[Result "1/2-1/2"]
[WhiteElo "1774"]
[BlackElo "2075"]
[PlyCount "106"]
[EventDate "2012.12.05"]
[EventType "swiss"]
[EventRounds "7"]
[EventCountry "ESP"]
[Source "lmi"]
[SourceDate "2012.12.05"]

1. e4 c5 2. Nc3 a6 3. a4 e6 4. Bc4 Nc6 5. f4 g6 6. Nf3 Bg7 7. d3 Nge7 8. O-O
O-O 9. Kh1 d5 10. Bb3 Nd4 11. Nxd4 cxd4 12. Ne2 dxe4 13. dxe4 Qb6 14. Qd3 Bd7
15. Rd1 Rfd8 16. Bd2 Rac8 17. Be1 Nc6 18. Bh4 Re8 19. e5 Nb4 20. Qxd4 Qxd4 21.
Nxd4 Nd5 22. Rf1 Bf8 23. Rf3 Nb6 24. Be1 Bc5 25. Rd3 Nd5 26. Bd2 Red8 27. Rd1
Kf8 28. c4 Ne7 29. Be1 Ke8 30. Bh4 Bxd4 31. Rxd4 Bc6 32. Rxd8+ Rxd8 33. Rxd8+
Kxd8 34. Kg1 Kd7 35. Bxe7 Kxe7 36. Kf2 Kd7 37. Bd1 Kc7 38. g3 Kb6 39. b4 a5 40.
c5+ Kc7 41. b5 Bd5 42. g4 Be4 43. Ke3 Bd5 44. Kd4 b6 45. h4 Bg2 46. f5 gxf5 47.
gxf5 Bh3 48. Bc2 h6 49. fxe6 fxe6 50. c6 Bg4 51. Ke3 Bh5 52. Kf4 Bf7 53. Bd1
Kd8 1/2-1/2

[Event "Benidorm 2012 - Nuevas Generaciones s16"]
[Site "Benidorm ESP"]
[Date "2012.12.08"]
[Round "6.11"]
[White "Redondo Benavente, Jose Carlos"]
[Black "Jimenez Almeida, Luis David"]
[Result "0-1"]
[WhiteElo "1759"]
[BlackElo "2027"]
[PlyCount "68"]
[EventDate "2012.12.05"]
[EventType "swiss"]
[EventRounds "7"]
[EventCountry "ESP"]
[Source "lmi"]
[SourceDate "2012.12.05"]

1. e4 c5 2. d3 Nc6 3. Nd2 e6 4. g3 d5 5. Bg2 Nf6 6. Ngf3 Be7 7. O-O O-O 8. Re1
b5 9. e5 Nd7 10. Nf1 b4 11. Bf4 a5 12. a4 bxa3 13. bxa3 Ba6 14. h4 Rb8 15. N1h2
Nd4 16. Ng5 Qe8 17. Qh5 Bxg5 18. hxg5 Nxc2 19. Ng4 f5 20. Qxe8 Rfxe8 21. Ne3
Nxa1 22. Rxa1 Bxd3 23. Nxd5 exd5 24. Bxd5+ Kh8 25. e6 Nb6 26. Bxb8 Nxd5 27. Bd6
c4 28. e7 c3 29. Rc1 c2 30. f4 Nc3 31. Rxc2 Bxc2 32. a4 Ne4 33. Be5 Rxe7 34. g4
Rxe5 0-1

[Event "Benidorm 2012 - Nuevas Generaciones s16"]
[Site "Benidorm ESP"]
[Date "2012.12.09"]
[Round "7.1"]
[White "Garcia-Castany Musellas, Gal.L"]
[Black "Suarez Garcia, Carlos"]
[Result "0-1"]
[WhiteElo "1993"]
[BlackElo "2307"]
[PlyCount "90"]
[EventDate "2012.12.05"]
[EventType "swiss"]
[EventRounds "7"]
[EventCountry "ESP"]
[Source "lmi"]
[SourceDate "2012.12.05"]

1. e4 d6 2. d4 Nf6 3. Nc3 g6 4. Be3 Bg7 5. Qd2 c6 6. f3 b5 7. g4 h6 8. h4 Nbd7
9. Nge2 b4 10. Nd1 c5 11. h5 g5 12. Ng3 e6 13. d5 Ne5 14. Be2 Ba6 15. O-O Nc4
16. Qe1 exd5 17. exd5 O-O 18. b3 Nxe3 19. Nxe3 Bb7 20. Rd1 Re8 21. Ngf5 Re5 22.
Bc4 Qd7 23. Qg3 Rae8 24. f4 Ne4 25. Qg2 gxf4 26. Nxg7 Kxg7 27. Nf5+ Kh7 28.
Rxf4 Nc3 29. Rdf1 Nxd5 30. Nxd6 Nxf4 31. Qxb7 Qxb7 32. Nxb7 Re1 33. Nxc5 Ne2+
34. Kf2 Rxf1+ 35. Kxf1 Nc3 36. Kf2 Kg7 37. Kf3 Nxa2 38. Nd3 a5 39. Nc5 Rc8 40.
Na4 Nc3 41. Nxc3 bxc3 42. Bd3 Re8 43. Be4 Kf6 44. Kf4 Rd8 45. Bd3 Rxd3 0-1

[Event "Benidorm 2012 - Nuevas Generaciones s16"]
[Site "Benidorm ESP"]
[Date "2012.12.09"]
[Round "7.2"]
[White "Perez Pardo, Sergio Ivan"]
[Black "Pinsach Gelabert, Alexandre"]
[Result "0-1"]
[WhiteElo "1845"]
[BlackElo "1991"]
[PlyCount "124"]
[EventDate "2012.12.05"]
[EventType "swiss"]
[EventRounds "7"]
[EventCountry "ESP"]
[Source "lmi"]
[SourceDate "2012.12.05"]

1. e4 e5 2. Nf3 Nc6 3. Bb5 f5 4. d3 fxe4 5. dxe4 Nf6 6. Bg5 Bb4+ 7. c3 Bc5 8.
O-O d6 9. Nbd2 O-O 10. b4 Bb6 11. Nc4 Bg4 12. Nxb6 axb6 13. Qb3+ Kh8 14. Nd2
Qe8 15. f3 Bd7 16. Bxc6 bxc6 17. c4 Qh5 18. Be3 g5 19. Qc3 Rg8 20. Bf2 Qg6 21.
Qd3 Nh5 22. c5 bxc5 23. bxc5 Nf4 24. Qe3 g4 25. Bg3 Raf8 26. a4 h5 27. Rf2 h4
28. Bxf4 Rxf4 29. a5 gxf3 30. Nxf3 Bh3 31. Raa2 Rxe4 32. Qd2 Rg4 33. a6 Qb1+
34. Qe1 Qxe1+ 35. Nxe1 Re4 36. Kf1 Be6 37. Ra3 Bc4+ 38. Nd3 Rd4 39. Ke1 Rxd3
40. Ra4 d5 41. a7 Ra8 42. Rf7 Re3+ 43. Kf2 Re2+ 44. Kf3 e4+ 45. Kg4 Rxg2+ 46.
Kh3 Rg7 47. Rf4 e3 48. Rb4 Rxa7 49. Rb8+ Kh7 50. Rxh4+ Kg6 51. Rg4+ Kf7 52.
Rf4+ Ke7 53. Rff8 Rf7 54. Rfe8+ Kf6 55. Rxe3 Rh7+ 56. Kg3 Rg7+ 57. Kf4 Ra4 58.
Rf8+ Rf7 59. Rg8 Bd3+ 60. Kf3 Be4+ 61. Kf2 Ra2+ 62. Kg3 Rg2+ 0-1

[Event "Benidorm 2012 - Nuevas Generaciones s16"]
[Site "Benidorm ESP"]
[Date "2012.12.09"]
[Round "7.3"]
[White "Acosta Sosa, Juan Manuel"]
[Black "Buendia Pinar, Alvaro"]
[Result "1/2-1/2"]
[WhiteElo "2167"]
[BlackElo "2072"]
[PlyCount "127"]
[EventDate "2012.12.05"]
[EventType "swiss"]
[EventRounds "7"]
[EventCountry "ESP"]
[Source "lmi"]
[SourceDate "2012.12.05"]

1. c4 c6 2. d4 d5 3. cxd5 cxd5 4. Nc3 Nf6 5. Bf4 Nc6 6. e3 a6 7. Bd3 g6 8. Nf3
Bg7 9. O-O O-O 10. h3 Re8 11. Bh2 b5 12. Rc1 Bb7 13. a4 b4 14. Nb1 Rc8 15. Qe2
Qb6 16. Nbd2 Nd7 17. Nb3 e5 18. dxe5 Ncxe5 19. a5 Nxf3+ 20. Qxf3 Qf6 21. Qg4
Qe7 22. Qe2 d4 23. e4 Qe6 24. Nd2 Ne5 25. Rxc8 Rxc8 26. Bxe5 Bxe5 27. f4 Bb8
28. Bc4 Qd6 29. e5 Qc5 30. Kh1 Re8 31. Nb3 Qc7 32. Rc1 Qd8 33. Nc5 Bc6 34. Nxa6
Qh4 35. Bxf7+ Kxf7 36. Rxc6 Qxf4 37. Nxb8 Rxe5 38. Qc4+ Kg7 39. Rc7+ Kh6 40.
Qc1 Re3 41. a6 d3 42. a7 d2 43. Qxd2 Rxh3+ 44. gxh3 Qxd2 45. a8=Q Qe1+ 46. Kh2
Qe5+ 47. Kg2 Qxc7 48. Nc6 Qf4 49. Qe8 Qg5+ 50. Kf3 Qf5+ 51. Ke2 Qc2+ 52. Ke3
Qc1+ 53. Kd3 Qxb2 54. Qf8+ Kg5 55. Qe7+ Kh6 56. Qh4+ Kg7 57. Qxb4 Qxb4 58. Nxb4
Kf6 59. Ke3 Kg5 60. Nd3 Kh4 61. Nf2 Kg3 62. Ke2 h5 63. Kf1 g5 64. Kg1 1/2-1/2

[Event "Benidorm 2012 - Nuevas Generaciones s16"]
[Site "Benidorm ESP"]
[Date "2012.12.09"]
[Round "7.5"]
[White "Jimenez Almeida, Luis David"]
[Black "Chaikhiev Chaikhieva, Miguel A"]
[Result "0-1"]
[WhiteElo "2027"]
[BlackElo "1829"]
[PlyCount "60"]
[EventDate "2012.12.05"]
[EventType "swiss"]
[EventRounds "7"]
[EventCountry "ESP"]
[Source "lmi"]
[SourceDate "2012.12.05"]

1. d4 Nf6 2. c4 e6 3. Nf3 Bb4+ 4. Bd2 Qe7 5. g3 b6 6. Bg2 Bb7 7. O-O O-O 8. a3
Bxd2 9. Nbxd2 Rd8 10. Qc2 c5 11. e4 cxd4 12. e5 Ne8 13. Ng5 Qxg5 14. Bxb7 Nc6
15. Bxa8 Rxa8 16. f4 Qe7 17. Qe4 f5 18. Qd3 d6 19. exd6 Qxd6 20. Rfe1 Nf6 21.
Re2 Re8 22. Rae1 g6 23. b4 Kg7 24. Nf3 Ne4 25. Rxe4 fxe4 26. Rxe4 e5 27. fxe5
Rxe5 28. Nxd4 Qd7 29. Rxe5 Nxe5 30. Qe4 Qxd4+ 0-1

[Event "Benidorm 2012 - Nuevas Generaciones s16"]
[Site "Benidorm ESP"]
[Date "2012.12.09"]
[Round "7.6"]
[White "Gonzalez Fernandez, Pedro"]
[Black "Romero Calduch, Sergio"]
[Result "0-1"]
[WhiteElo "1761"]
[BlackElo "2024"]
[PlyCount "84"]
[EventDate "2012.12.05"]
[EventType "swiss"]
[EventRounds "7"]
[EventCountry "ESP"]
[Source "lmi"]
[SourceDate "2012.12.05"]

1. d4 Nf6 2. c4 g6 3. Nc3 Bg7 4. e4 d6 5. Nge2 O-O 6. Ng3 c5 7. d5 Na6 8. Be2
Nc7 9. h4 h5 10. Bg5 a6 11. a4 b6 12. Qd2 Nce8 13. O-O Bd7 14. Bf4 Ng4 15. Bxg4
Bxg4 16. f3 Bd7 17. Bh6 Rb8 18. Bxg7 Nxg7 19. f4 e6 20. dxe6 Bxe6 21. f5 Bxc4
22. f6 Ne8 23. Nxh5 Kh7 24. Rf5 gxf5 25. Qg5 Rg8 26. Qxf5+ Rg6 27. e5 dxe5 28.
Rd1 Qc8 29. Qxe5 Qc7 30. Qe4 Rd8 31. Rxd8 Qxd8 32. Qxc4 Qd4+ 33. Qxd4 cxd4 34.
Nd5 b5 35. axb5 axb5 36. Nhf4 Rh6 37. g3 Nxf6 38. Ne7 Nh5 39. Nf5 Nxf4 40. gxf4
d3 41. Kf2 Re6 42. Ne3 d2 0-1

[Event "Benidorm 2012 - Nuevas Generaciones s16"]
[Site "Benidorm ESP"]
[Date "2012.12.09"]
[Round "7.8"]
[White "Capote Robayna, Johanna"]
[Black "Fernandez Cano, Victor"]
[Result "0-1"]
[WhiteElo "1822"]
[BlackElo "1883"]
[PlyCount "58"]
[EventDate "2012.12.05"]
[EventType "swiss"]
[EventRounds "7"]
[EventCountry "ESP"]
[Source "lmi"]
[SourceDate "2012.12.05"]

1. e4 c5 2. Nf3 Nc6 3. d4 cxd4 4. Nxd4 g6 5. Nc3 Bg7 6. Be3 Nf6 7. Bc4 d6 8.
Bb3 O-O 9. f3 a6 10. Qd2 Bd7 11. O-O-O b5 12. h4 h5 13. g4 Na5 14. gxh5 Nxb3+
15. Nxb3 Nxh5 16. Bh6 Rc8 17. Bxg7 Kxg7 18. Rdg1 a5 19. Qg5 Rh8 20. Nd4 Rc5 21.
Qe3 b4 22. Nd5 e6 23. Nb3 exd5 24. Nxc5 dxc5 25. Qxc5 Nf4 26. Kb1 Rh5 27. Qe3
Qf6 28. Rg5 Qxg5 29. b3 Qf6 0-1